| 000 | 00491nam a22001697a 4500 | ||
|---|---|---|---|
| 999 |
_c16982 _d16982 |
||
| 008 | 180713b xxu||||| |||| 00| 0 eng d | ||
| 020 | _a0323393218 | ||
| 040 |
_aKABU _cKABU |
||
| 050 |
_aQM25 _b.N48 2019 c. 1 |
||
| 100 | _aNetter, Frank H. | ||
| 245 |
_aAtlas of human anatomy _cFrank H. Netter |
||
| 250 | _a7th ed. | ||
| 260 |
_aPhiladelphia _bElsevier _c2019 |
||
| 300 | _a6 vol. (various pagings) | ||
| 650 |
_aHuman anatomy _xAtlases |
||
| 942 |
_2lcc _cREF _e7th ed. _hQM25 _kREF |
||